000 00763nam a2200265Ia 4500
003 OSt
005 20220918223523.0
006 a|||||r|||| 00| 0
007 ta
008 220917b |||||||| |||| 00| 0 eng d
024 _a223,198
037 _cTextual
040 _aARTS
_cARTS
_beng
041 _2eng
_aeng
082 _aR4, P5
100 _aCohen Andrew I. Ed.
_9145932
245 0 _aContemporary debates in applied ethics
260 _aU.S.A.
_bBlackwell pub.
_c2005
300 _axii, 348p
_ccm.
490 _aContemporary debates in philosophy
650 _aETHICS
700 _a Wellman Christopher Heath Ed.
_98684
942 _hR4, P5
_cTEXL
_2CC
999 _c278688
_d278688